00531nam a2200229Ia 450000500170000000800460001702000180006303700130008104000090009404000080010304000090011104100080012004100080012808400110013608400090014724500450015626000160020126000260021726000090024330000100025249000390026220260127113044.0008 260114s9999 xx 000 0 eng d a9788132109457 aTextbook aPSDL beng cPSDL 2eng aeng aV43 Q2 qPSDL 0aConstruction of Evil in North East India aLos Angeles bSAGE Publishing India c2012 a248p. aSAGE Studies on India's North East